Normal view
MARC view
- Bloch, Heinz P
Entry Personal Name
001 - CONTROL NUMBER
- control field: 83585
003 - CONTROL NUMBER IDENTIFIER
- control field: NUST
005 - DATE AND TIME OF LATEST TRANSACTION
- control field: 20211101105501.0
008 - FIXED-LENGTH DATA ELEMENTS
- fixed length control field: 211101|| aca||aabn | a|a d
040 ## - CATALOGING SOURCE
- Original cataloging agency: NUST
- Transcribing agency: NUST
100 ## - HEADING--PERSONAL NAME
- Personal name: Bloch, Heinz P
670 ## - SOURCE DATA FOUND
- Source citation: Work cat.: (NUST)32405: Bloch, Heinz P., A Practical Guide to Compressor Technology /, 2006.
